000
00324nam a2200121Ia 4500
008
220204s9999 xx 000 0 und d
082
_a
631/635
_b
ADV.61
245
0
_a
Advances in agronomy V.61
260
_a
San Diego
_c
Academic Press;1997
650
_a
Genetic resources conservation
650
_a
Seed dormacy
942
_c
BK
999
_c
41370
_d
41370